书目信息 |
| 题名: |
九年义务教育三年制初级中学世界历史教师教学用书
|
|
| 作者: | ;人民教育出版社历史室 | |
| 分册: | 第一册 | |
| 出版信息: | 北京 人民教育出版社 1997 |
|
| 页数: | ||
| 开本: | 26cm | |
| 丛书名: | ||
| 单 册: | ||
| 中图分类: | G4 | |
| 科图分类: | ||
| 主题词: | 教育 | |
| 电子资源: | ||
| ISBN: | 7-107-02122-2 | |
| 000 | 00667nam0 2200181 450 | |
| 001 | 0734081268 | |
| 005 | 20071007092801.28 | |
| 010 | @a7-107-02122-2 | |
| 100 | @a20071007d km y0chiy0120 ea | |
| 101 | 0 | @achi |
| 200 | 1 | @a九年义务教育三年制初级中学世界历史教师教学用书@Ajiu nian yi wu jiao yu san nian zhi chu ji zhong xue shi jie li shi jiao shi jiao xue yong shu@h第一册@f人民教育出版社历史室@Fren min jiao yu chu ban she li shi shi |
| 210 | @a北京@c人民教育出版社@d1997 | |
| 215 | @d26cm | |
| 606 | 0 | @a教育 |
| 690 | @aG4@v3 | |
| 711 | 02 | @a人民教育出版社历史室@Aren min jiao yu chu ban she li shi shi |
| 801 | 0 | @aCN@bPFT@c20071007 |
| 905 | @a213230@dG4@ea112:1@f1 | |
| 九年义务教育三年制初级中学世界历史教师教学用书.第一册/人民教育出版社历史室.-北京:人民教育出版社,1997 |
| 26cm |
| ISBN 7-107-02122-2: |
| ● |
| 相关链接 |
|
|
|
|
正题名:九年义务教育三年制初级中学世界历史教师教学用书
索取号:G4/a112:1
 
预约/预借
| 序号 | 登录号 | 条形码 | 馆藏地/架位号 | 状态 | 备注 |
| 1 | 7505974 | 275059749 | 密集书库-史法系/ [索取号:G4/a112:1] | 在馆 |